000
00250nam a22001217a 4500
008
170215b xxu||||| |||| 00| 0 eng d
041
_a
eng
080
_a
61
100
_a
4
101
_a
shm
245
_a
MEDICAL TESTS
_c
PINCKNEY, C
942
_2
udc
_c
BK
999
_c
5525
_d
5525